Cricket: Fastest Balls in Each IPL Season - Statistics

General Stats
  • This quiz has been taken 46 times
    2 since last reset
  • The average score is 12 of 15
Answer Stats
Year Country Team Speed (kph) Answer % Correct
2020 SA Delhi Capitals 156.22 Anrich Nortje
100%
2014 SA Sunrisers Hyderabad 152.44 Dale Steyn
100%
2012 SA Deccan Chargers 154.40 Dale Steyn
100%
2018 ENG Rajasthan Royals 152.39 Jofra Archer
100%
2019 SA Delhi Capitals 154.23 Kagiso Rabada
100%
2025 NZ Punjab Kings 153.20 Lockie Ferguson
100%
2023 NZ Kolkata Knight Riders 154.10 Lockie Ferguson
100%
2022 NZ Gujarat Titans 157.30 Lockie Ferguson
100%
2021 NZ Kolkata Knight Riders 153.63 Lockie Ferguson
100%
2024 IND Lucknow Super Giants 156.70 Mayank Yadav
100%
2016 SA Delhi Daredevils 150.02 Chris Morris
50%
2015 AUS Kings XI Punjab 151.11 Mitchell Johnson
50%
2013 AUS Rajasthan Royals 153.43 Shaun Tait
50%
2017 AUS Delhi Daredevils 153.56 Pat Cummins
0%
2011 AUS Rajasthan Royals 157.71 Shaun Tait
0%
No matching quizzes found
Score Distribution
Percent of People with Each Score
Percentile by Number Answered
Your Score History
You have not taken this quiz since the last reset